LEADER 01264nam a2200265 a 4500 001 000000160707 003 CaOOAMICUS 005 20170516101127.0 008 170516s1969 pp m 001 u eng r 032 $aLibriCat 040 $aPUL$bita 100 1 $aWilson, Martin J.$0(OLS)http://pul/name/102843 245 10$aUnion of intellective soul and body in light of recent conceptions of act and actuation /$cauctore Martino J. Wilson. 260 $aBomana (Papua-New Guinea) :$b[s.n.],$c1969. 300 $a51 p. ;$c24 cm. 502 $aEstratto da tesi -- Pontificia Universitas Gregoriana. Facultas philosophica. 1969. 504 $aBibliografia in nota. 650 4$aSpirito (filosofia).$0(OLS)http://pul/subject/17020 710 2 $aPontificia Universitā Gregoriana.$bFacoltā di filosofia.$kTesi.$0(OLS)http://pul/name/82053 850 $aPUL 852 $aPUL$W1$xDP1 Tesi Pon. Univ. Gregoriana$y40$mTH PUG 2068$j184469$qTesi$B187673$CPULBib$Z2$F187673 $H33591 $82 941 1 $a16 996 $6245$aUnion of intellective soul and body in light of recent conceptions of act and actuation$9(OLS)http://pul/title/200418 996 $6260$aBomana (Papua-New Guinea) :$b[s.n.]$9(OLS)http://pul/publisher/86279 LEADER 01462nam a2200265 a 4500 001 000000158204 003 CaOOAMICUS 005 20170125171918.0 008 170125s1945 it m 001 u ger r 032 $aLibriCat 040 $aPUL$bita 100 1 $aHelmle, Erwin.$0(OLS)http://pul/name/101021 245 14$aDie Allgemeinen Konzilien in der Ostkirche : $bdogmatische Untersuchung über die AuffAssung Wl. Solowjews und der Vertreter der Ostkirche auf dem Theologenkongress zu Athen 1936 / $cErwin Helmle. 260 $aRoma :$bLibreria dell'Apostolato cattolico,$c1945. 300 $a65 p. ;$c24 cm. 502 $aEstratto di Tesi -- Pontificia Universitas Gregoriana. Facultas Theologiae. 1945. 504 $aBibliografia in nota a pič pagina. 610 24$aChiesa ortodossa$xStoria.$0(OLS)http://pul/subject/8625 710 2 $aPontificia Universitā Gregoriana.$bFacoltā di teologia.$kTesi.$0(OLS)http://pul/name/81592 850 $aPUL 852 $aPUL$W1$xDP1 Tesi Pon. Univ. Gregoriana$y40$mTH PUG 435$j181541$qTesi$B184682$CPULBib$Z2$F184682 $H10940 $82 941 1 $a16 996 $6245$aDie Allgemeinen Konzilien in der Ostkirche : $bdogmatische Untersuchung über die AuffAssung Wl. Solowjews und der Vertreter der Ostkirche auf dem Theologenkongress zu Athen 1936 / $9(OLS)http://pul/title/197823 996 $6260$aRoma :$bLibreria dell'Apostolato cattolico$9(OLS)http://pul/publisher/84244